[Event "XXVII Miedzynarodowy Festiwal Szachowy im. Jozefa Dominika"]
[Site "Dobczyce"]
[Date "2019.07.09"]
[Round "7.3"]
[White "Kyc, Jerzy"]
[Black "Widla, Piotr"]
[Result "1-0"]
[BlackElo "1989"]
[WhiteElo "2279"]
[LiveChessVersion "1.4.8"]

1. e4 {[%clk 1:30:41]} c5 {[%clk 1:30:55]} 2. Nf3 {[%clk 1:31:06]} Nc6
{[%clk 1:31:20]} 3. d4 {[%clk 1:31:20]} cxd4 {[%clk 1:31:38]} 4. Nxd4
{[%clk 1:31:45]} Qb6 {[%clk 1:31:47]} 5. Nb3 {[%clk 1:32:10]} Nf6
{[%clk 1:32:06]} 6. Nc3 {[%clk 1:32:35]} e6 {[%clk 1:32:32]} 7. Be3
{[%clk 1:32:40]} Qc7 {[%clk 1:32:51]} 8. a3 {[%clk 1:32:55]} a6 {[%clk 1:33:01]}
9. Be2 {[%clk 1:33:13]} b5 {[%clk 1:29:36]} 10. O-O {[%clk 1:33:20]} Be7
{[%clk 1:28:06]} 11. f4 {[%clk 1:33:39]} d6 {[%clk 1:28:28]} 12. Bf3
{[%clk 1:31:43]} Bb7 {[%clk 1:26:50]} 13. Qe1 {[%clk 1:30:51]} O-O
{[%clk 1:26:51]} 14. Rd1 {[%clk 1:29:49]} b4 {[%clk 1:22:35]} 15. axb4
{[%clk 1:29:24]} Nxb4 {[%clk 1:22:54]} 16. Rd2 {[%clk 1:28:27]} d5
{[%clk 1:22:17]} 17. e5 {[%clk 1:27:38]} Ne4 {[%clk 1:17:59]} 18. Bxe4
{[%clk 1:26:35]} dxe4 {[%clk 1:18:13]} 19. Nd4 {[%clk 1:23:40]} Bc5
{[%clk 1:09:57]} 20. Qg3 {[%clk 1:15:53]} Bxd4 {[%clk 0:52:13]} 21. Bxd4
{[%clk 1:15:14]} Rad8 {[%clk 0:52:17]} 22. Qe3 {[%clk 1:13:22]} Rc8
{[%clk 0:34:31]} 23. Bb6 {[%clk 0:55:33]} Qc4 {[%clk 0:31:16]} 24. Rd4
{[%clk 0:55:19]} Qxf1+ {[%clk 0:23:30]} 25. Kxf1 {[%clk 0:55:45]} Nxc2
{[%clk 0:23:56]} 26. Qd2 {[%clk 0:55:49]} Nxd4 {[%clk 0:24:22]} 27. Qxd4
{[%clk 0:56:07]} a5 {[%clk 0:22:48]} 28. Bxa5 Ra8 {[%clk 0:18:26]} 29. b4
{[%clk 0:51:36]} Rfc8 {[%clk 0:16:09]} 30. Kf2 {[%clk 0:50:57]} Ba6
{[%clk 0:15:41]} 31. Nxe4 {[%clk 0:50:58]} Rc4 {[%clk 0:15:32]} 32. Qe3
{[%clk 0:51:08]} Bb7 {[%clk 0:15:22]} 33. Nc3 {[%clk 0:50:31]} h6
{[%clk 0:13:30]} 34. g4 {[%clk 0:49:43]} Rac8 {[%clk 0:11:55]} 35. b5
{[%clk 0:49:06]} Ra8 {[%clk 0:12:16]} 36. Qb6 {[%clk 0:47:17]} Bh1
{[%clk 0:10:59]} 37. Kg3 {[%clk 0:46:31]} Rac8 {[%clk 0:09:33]} 38. f5
{[%clk 0:45:39]} Rxc3+ {[%clk 0:08:38]} 39. Bxc3 {[%clk 0:46:07]} Rxc3+
{[%clk 0:09:08]} 40. Kf2 {[%clk 0:46:22]} Bd5 {[%clk 0:09:24]} 41. Qd8+
{[%clk 0:46:05]} Kh7 {[%clk 0:09:47]} 42. Qd7 {[%clk 0:45:55]} Rb3
{[%clk 0:06:40]} 43. Qxf7 {[%clk 0:45:54]} Rb2+ {[%clk 0:05:56]} 44. Ke3
{[%clk 0:46:06]} Rb3+ {[%clk 0:06:17]} 45. Kd2 {[%clk 0:46:27]} Rb2+
{[%clk 0:04:23]} 46. Kc1 {[%clk 0:46:50]} Rb4 {[%clk 0:03:52]} 47. h3
{[%clk 0:45:57]} exf5 {[%clk 0:03:31]} 48. Qxd5 {[%clk 0:46:14]} fxg4
{[%clk 0:03:56]} 49. e6 {[%clk 0:46:25]} gxh3 {[%clk 0:04:10]} 50. e7
{[%clk 0:46:28]} Rxb5 {[%clk 0:03:43]} 51. Qxb5 {[%clk 0:46:50]} h2
{[%clk 0:04:09]} 52. Qf5+ {[%clk 0:47:09]} 1-0

[Event "XXVII Miedzynarodowy Festiwal Szachowy im. Jozefa Dominika"]
[Site "Dobczyce"]
[Date "2019.07.09"]
[Round "7.4"]
[White "Slabek, Grzegorz"]
[Black "Iwanczuk, Krzysztof"]
[Result "1/2-1/2"]
[BlackElo "1775"]
[WhiteElo "1953"]
[LiveChessVersion "1.4.8"]

1. Nf3 {[%clk 1:27:51]} d5 {[%clk 1:30:45]} 2. d4 {[%clk 1:28:07]} Nf6
{[%clk 1:31:08]} 3. e3 {[%clk 1:27:12]} Bf5 {[%clk 1:30:49]} 4. c4
{[%clk 1:27:26]} c6 {[%clk 1:30:40]} 5. Nc3 {[%clk 1:27:40]} e6 {[%clk 1:30:47]}
6. Qb3 {[%clk 1:28:00]} Qb6 {[%clk 1:30:50]} 7. c5 {[%clk 1:28:17]} Qc7
{[%clk 1:31:08]} 8. Ne5 {[%clk 1:27:54]} Nbd7 {[%clk 1:28:01]} 9. f4
{[%clk 1:28:10]} Nxe5 {[%clk 1:27:46]} 10. fxe5 {[%clk 1:28:31]} Ne4
{[%clk 1:27:32]} 11. Be2 {[%clk 1:28:32]} Be7 {[%clk 1:24:53]} 12. O-O
{[%clk 1:27:06]} O-O {[%clk 1:25:15]} 13. Nxe4 {[%clk 1:27:12]} Bxe4
{[%clk 1:25:27]} 14. Bd2 {[%clk 1:27:23]} b6 {[%clk 1:24:02]} 15. cxb6
{[%clk 1:26:50]} axb6 {[%clk 1:24:26]} 16. Rac1 {[%clk 1:25:03]} Rfc8
{[%clk 1:24:04]} 17. a3 {[%clk 1:25:07]} Qa7 {[%clk 1:23:34]} 18. Bh5
{[%clk 1:24:10]} Bg6 {[%clk 1:21:30]} 19. Be2 {[%clk 1:24:21]} c5
{[%clk 1:16:47]} 20. Qb5 {[%clk 1:22:50]} c4 {[%clk 1:13:46]} 21. Bb4
{[%clk 1:22:41]} Bxb4 {[%clk 1:08:50]} 22. Qxb4 {[%clk 1:21:19]} Qa5
{[%clk 1:08:44]} 23. Qc3 b5 24. Qxa5 Rxa5 25. Bd1 b4 26. axb4 Rb5 27. b3 Rxb4 28.
bxc4 Rbxc4 29. Ra1 1/2-1/2

[Event "XXVII Miedzynarodowy Festiwal Szachowy im. Jozefa Dominika"]
[Site "Dobczyce"]
[Date "2019.07.09"]
[Round "7.5"]
[White "Dziewonski, Dariusz"]
[Black "Krawczyk, Wojciech"]
[Result "1-0"]
[BlackElo "1780"]
[WhiteElo "1879"]
[LiveChessVersion "1.4.8"]

1. e4 {[%clk 1:30:55]} d6 {[%clk 1:30:46]} 2. d4 {[%clk 1:31:19]} g6
{[%clk 1:31:13]} 3. Nc3 {[%clk 1:31:42]} Bg7 {[%clk 1:31:38]} 4. Nf3
{[%clk 1:32:05]} Nf6 {[%clk 1:32:01]} 5. Be2 {[%clk 1:31:55]} c6 {[%clk 1:32:24]}
6. a4 {[%clk 1:28:22]} Qc7 {[%clk 1:31:51]} 7. O-O {[%clk 1:26:06]} O-O
{[%clk 1:31:58]} 8. Re1 {[%clk 1:21:37]} e5 {[%clk 1:31:54]} 9. h3
{[%clk 1:19:32]} Nbd7 {[%clk 1:31:00]} 10. Bf1 {[%clk 1:18:20]} b6
{[%clk 1:30:06]} 11. b3 {[%clk 1:11:25]} Bb7 {[%clk 1:29:36]} 12. Ba3
{[%clk 1:09:40]} Rfd8 {[%clk 1:23:04]} 13. Qd2 {[%clk 1:04:04]} a6
{[%clk 1:18:57]} 14. Rad1 {[%clk 0:57:25]} c5 {[%clk 1:19:11]} 15. d5
{[%clk 0:54:39]} Rf8 {[%clk 1:18:51]} 16. Bc1 {[%clk 0:49:41]} h6
{[%clk 1:16:13]} 17. Nh2 {[%clk 0:43:36]} Qd8 {[%clk 1:13:56]} 18. Be2
{[%clk 0:40:20]} Qe7 {[%clk 1:12:37]} 19. Rf1 {[%clk 0:35:26]} Nh7
{[%clk 1:08:19]} 20. Ng4 {[%clk 0:28:39]} g5 {[%clk 1:06:08]} 21. Ne3
{[%clk 0:25:09]} Bc8 {[%clk 1:01:19]} 22. Nf5 {[%clk 0:23:39]} Qf6
{[%clk 1:01:41]} 23. Bg4 {[%clk 0:23:12]} Re8 {[%clk 1:01:35]} 24. Ne2
{[%clk 0:21:47]} Ndf8 {[%clk 0:59:52]} 25. Neg3 {[%clk 0:20:41]} Qd8
{[%clk 1:00:00]} 26. Nxg7 {[%clk 0:18:48]} Kxg7 {[%clk 0:54:29]} 27. Bxc8
{[%clk 0:18:48]} Rxc8 {[%clk 0:54:53]} 28. Qe2 {[%clk 0:18:29]} Nf6
{[%clk 0:53:23]} 29. Qxa6 {[%clk 0:18:20]} Ng6 {[%clk 0:53:27]} 30. a5
{[%clk 0:15:15]} Rb8 {[%clk 0:52:51]} 31. Bd2 {[%clk 0:12:50]} Nh4
{[%clk 0:51:52]} 32. axb6 {[%clk 0:10:53]} Rxb6 {[%clk 0:50:58]} 33. Qe2
{[%clk 0:10:20]} Qd7 {[%clk 0:51:11]} 34. Ra1 {[%clk 0:09:15]} Reb8
{[%clk 0:51:27]} 35. Ra5 {[%clk 0:08:26]} Rb5 {[%clk 0:44:59]} 36. Rfa1
{[%clk 0:07:32]} Rxa5 {[%clk 0:44:53]} 37. Rxa5 {[%clk 0:08:01]} Rb6
{[%clk 0:44:44]} 38. Nh5+ {[%clk 0:05:50]} Nxh5 {[%clk 0:45:03]} 39. Qxh5
{[%clk 0:06:18]} Ng6 {[%clk 0:43:57]} 40. Qg4 {[%clk 0:04:42]} Qb7
{[%clk 0:44:01]} 41. Qd1 {[%clk 0:03:33]} Qd7 {[%clk 0:42:36]} 42. Qa1
{[%clk 0:02:53]} Ne7 {[%clk 0:42:12]} 43. Qa4 {[%clk 0:02:31]} Qc7
{[%clk 0:42:00]} 44. Ra7 {[%clk 0:01:10]} Rb7 {[%clk 0:42:11]} 45. Ra6
{[%clk 0:01:15]} Rb6 {[%clk 0:37:50]} 46. Ra8 {[%clk 0:01:09]} Rb8
{[%clk 0:34:03]} 47. Qa7 {[%clk 0:01:09]} Rb7 {[%clk 0:34:11]} 48. Qa5
{[%clk 0:01:29]} f5 {[%clk 0:33:54]} 49. Qxc7 {[%clk 0:01:29]} Rxc7
{[%clk 0:34:18]} 50. f3 {[%clk 0:01:18]} fxe4 {[%clk 0:28:26]} 51. fxe4
{[%clk 0:01:42]} Ng8 {[%clk 0:28:18]} 52. Kf2 {[%clk 0:00:40]} Nf6
{[%clk 0:28:28]} 53. Kf3 {[%clk 0:01:00]} Rf7 {[%clk 0:24:40]} 54. Ke3
{[%clk 0:01:01]} g4 {[%clk 0:24:40]} 55. Ra6 {[%clk 0:00:44]} Rd7
{[%clk 0:24:26]} 56. b4 {[%clk 0:00:39]} gxh3 {[%clk 0:23:56]} 57. gxh3
{[%clk 0:01:08]} cxb4 {[%clk 0:24:09]} 58. Bxb4 {[%clk 0:01:29]} Ne8
{[%clk 0:24:36]} 59. c4 {[%clk 0:01:11]} Kf7 {[%clk 0:23:16]} 60. Kd3
{[%clk 0:00:51]} h5 {[%clk 0:22:50]} 61. c5 {[%clk 0:00:57]} dxc5
{[%clk 0:22:49]} 62. Bxc5 {[%clk 0:01:21]} Nf6 {[%clk 0:23:06]} 63. Ra7
{[%clk 0:00:33]} Rxa7 {[%clk 0:18:32]} 64. Bxa7 {[%clk 0:01:02]} Nd7
{[%clk 0:18:50]} 65. Bf2 {[%clk 0:00:46]} Ke7 {[%clk 0:17:30]} 66. Be1
{[%clk 0:00:36]} Nc5+ {[%clk 0:17:45]} 67. Ke3 {[%clk 0:00:56]} Nd7
{[%clk 0:18:08]} 68. Bb4+ {[%clk 0:00:46]} Kf6 {[%clk 0:18:25]} 69. Kf3
{[%clk 0:00:36]} Kg5 {[%clk 0:18:10]} 70. Be7+ {[%clk 0:00:48]} Kg6
{[%clk 0:18:36]} 71. Ke3 {[%clk 0:00:38]} Kf7 {[%clk 0:18:56]} 72. Bh4
{[%clk 0:00:36]} Nc5 {[%clk 0:18:59]} 73. Bg3 {[%clk 0:00:36]} Nd7
{[%clk 0:19:10]} 74. Kd3 {[%clk 0:00:46]} Nc5+ {[%clk 0:11:54]} 75. Kc4
{[%clk 0:00:38]} Nxe4 {[%clk 0:12:17]} 76. Bxe5 {[%clk 0:01:00]} Ke7
{[%clk 0:12:29]} 77. h4 {[%clk 0:00:43]} Nf2 {[%clk 0:10:44]} 78. Kd4
{[%clk 0:00:37]} Ng4 {[%clk 0:10:08]} 79. Ke4 {[%clk 0:00:40]} Kf7
{[%clk 0:09:23]} 80. Kf4 {[%clk 0:00:32]} Ke7 {[%clk 0:08:41]} 81. Ke4
{[%clk 0:00:33]} Kf7 {[%clk 0:08:55]} 82. Bd4 {[%clk 0:00:44]} Ke7
{[%clk 0:08:05]} 83. Bc5+ {[%clk 0:00:43]} Kf6 {[%clk 0:05:41]} 84. Kf4
{[%clk 0:00:42]} Kf7 {[%clk 0:05:37]} 85. Kf5 {[%clk 0:00:42]} Nf6
{[%clk 0:03:44]} 86. d6 {[%clk 0:00:47]} Nd7 {[%clk 0:03:33]} 87. Bb4
{[%clk 0:00:59]} Nf8 {[%clk 0:03:13]} 88. Kg5 {[%clk 0:00:46]} Ke6
{[%clk 0:03:26]} 89. Kxh5 {[%clk 0:01:02]} Nd7 {[%clk 0:03:27]} 90. Kg6
{[%clk 0:01:05]} Ne5+ {[%clk 0:03:22]} 91. Kg5 {[%clk 0:00:41]} Nf3+
{[%clk 0:03:28]} 92. Kg4 {[%clk 0:00:49]} Ne5+ {[%clk 0:03:53]} 93. Kg3
{[%clk 0:00:49]} Kf5 {[%clk 0:04:10]} 94. Bc3 {[%clk 0:00:37]} Nd7
{[%clk 0:04:05]} 95. Kf3 {[%clk 0:00:36]} Nb6 {[%clk 0:04:07]} 96. Bd2
{[%clk 0:00:34]} Nc4 {[%clk 0:03:54]} 97. Bf4 {[%clk 0:00:42]} Nb6
{[%clk 0:03:05]} 98. h5 {[%clk 0:00:59]} Nd7 {[%clk 0:02:20]} 99. h6
{[%clk 0:01:12]} Kf6 {[%clk 0:02:22]} 100. Ke3 {[%clk 0:00:51]} Nf8
{[%clk 0:01:51]} 101. Kd4 {[%clk 0:00:34]} Ne6+ {[%clk 0:02:01]} 102. Ke4
{[%clk 0:00:52]} Kf7 {[%clk 0:01:49]} 103. Kf5 {[%clk 0:00:39]} Nd4+
{[%clk 0:01:57]} 104. Ke5 {[%clk 0:00:47]} Nc6+ {[%clk 0:01:49]} 105. Kd5
{[%clk 0:00:55]} Nb4+ {[%clk 0:02:02]} 106. Kc4 {[%clk 0:00:52]} Nc6
{[%clk 0:02:09]} 107. Kb5 {[%clk 0:00:42]} Nd4+ {[%clk 0:01:13]} 108. Kb6
{[%clk 0:00:45]} Ne6 {[%clk 0:01:35]} 109. Be3 {[%clk 0:00:40]} Nf8
{[%clk 0:01:21]} 110. Kc7 {[%clk 0:00:49]} Ne6+ {[%clk 0:00:50]} 111. Kc8
{[%clk 0:01:11]} 1-0

[Event "XXVII Miedzynarodowy Festiwal Szachowy im. Jozefa Dominika"]
[Site "Dobczyce"]
[Date "2019.07.09"]
[Round "7.6"]
[White "Kuciel, Wladyslaw"]
[Black "Cichon, Jakub"]
[Result "1-0"]
[BlackElo "1707"]
[WhiteElo "1966"]
[LiveChessVersion "1.4.8"]

1. d4 {[%clk 1:28:08]} Nf6 {[%clk 1:30:52]} 2. c4 {[%clk 1:28:34]} g6
{[%clk 1:31:13]} 3. Nc3 {[%clk 1:28:59]} Bg7 {[%clk 1:31:35]} 4. e4
{[%clk 1:29:23]} d6 {[%clk 1:31:54]} 5. Be2 {[%clk 1:29:46]} O-O {[%clk 1:32:20]}
6. Be3 {[%clk 1:30:11]} e5 {[%clk 1:30:47]} 7. d5 {[%clk 1:30:35]} Nbd7
{[%clk 1:30:49]} 8. Nf3 {[%clk 1:30:46]} Ng4 {[%clk 1:21:36]} 9. Bg5
{[%clk 1:30:52]} f6 {[%clk 1:21:43]} 10. Bh4 {[%clk 1:31:04]} Re8
{[%clk 1:18:49]} 11. Rc1 {[%clk 1:25:46]} Nf8 {[%clk 1:16:28]} 12. h3
{[%clk 1:23:26]} Nh6 {[%clk 1:16:44]} 13. Nd2 {[%clk 1:21:49]} g5
{[%clk 1:08:59]} 14. Bg3 {[%clk 1:21:26]} Ng6 {[%clk 1:08:46]} 15. b4
{[%clk 1:15:50]} a5 {[%clk 1:04:02]} 16. a3 {[%clk 1:14:10]} Nf4 {[%clk 0:55:39]}
17. O-O {[%clk 1:10:00]} Bd7 {[%clk 0:44:27]} 18. c5 {[%clk 1:07:39]} Qc8
{[%clk 0:36:13]} 19. cxd6 {[%clk 1:05:48]} c6 {[%clk 0:19:07]} 20. dxc6
{[%clk 1:03:28]} bxc6 {[%clk 0:19:36]} 21. Bxf4 {[%clk 1:03:40]} exf4
{[%clk 0:19:35]} 22. Nd5 {[%clk 1:03:42]} Rb8 {[%clk 0:14:36]} 23. Bh5
{[%clk 0:59:31]} cxd5 {[%clk 0:12:41]} 24. Rxc8 {[%clk 0:59:42]} Rexc8
{[%clk 0:13:06]} 25. Nb3 {[%clk 0:57:33]} dxe4 {[%clk 0:12:29]} 26. Nc5
{[%clk 0:55:13]} Rd8 {[%clk 0:12:11]} 27. Qd5+ {[%clk 0:54:56]} Kh8
{[%clk 0:11:44]} 28. Qxe4 {[%clk 0:54:26]} axb4 {[%clk 0:11:39]} 29. axb4
{[%clk 0:54:43]} Nf5 {[%clk 0:08:38]} 30. Nxd7 {[%clk 0:54:30]} Rxd7
{[%clk 0:07:23]} 31. Qxf5 {[%clk 0:54:51]} Rxd6 {[%clk 0:07:47]} 32. Rc1
{[%clk 0:54:24]} Rbd8 {[%clk 0:06:19]} 33. Bf3 {[%clk 0:54:39]} Rd4
{[%clk 0:06:09]} 34. Be4 {[%clk 0:54:55]} Kg8 {[%clk 0:06:06]} 35. Qxh7+
{[%clk 0:55:14]} Kf8 {[%clk 0:06:35]} 36. Rc7 {[%clk 0:55:17]} R4d7
{[%clk 0:05:57]} 37. Bd5 {[%clk 0:55:28]} Rxc7 {[%clk 0:04:41]} 38. Qg8+
{[%clk 0:55:48]} Ke7 {[%clk 0:05:05]} 39. Qf7+ {[%clk 0:56:10]} Kd6
{[%clk 0:05:20]} 40. Qe6# Kxd5 1-0

[Event "XXVII Miedzynarodowy Festiwal Szachowy im. Jozefa Dominika"]
[Site "Dobczyce"]
[Date "2019.07.09"]
[Round "7.7"]
[White "Jalowiec, Halina"]
[Black "Madej, Marek"]
[Result "0-1"]
[BlackElo "1843"]
[WhiteElo "1919"]
[LiveChessVersion "1.4.8"]

1. e4 {[%clk 1:31:00]} e5 {[%clk 1:30:54]} 2. Nf3 {[%clk 1:31:26]} Nc6
{[%clk 1:31:19]} 3. Bc4 {[%clk 1:31:52]} Bc5 {[%clk 1:31:43]} 4. O-O
{[%clk 1:31:48]} Nf6 {[%clk 1:32:04]} 5. d3 {[%clk 1:32:04]} d6 {[%clk 1:32:01]}
6. h3 {[%clk 1:32:20]} a6 {[%clk 1:32:12]} 7. c3 {[%clk 1:31:02]} Ba7
{[%clk 1:32:24]} 8. b4 {[%clk 1:30:14]} O-O {[%clk 1:31:57]} 9. Qe2
{[%clk 1:25:41]} Ne7 {[%clk 1:29:57]} 10. Nh4 {[%clk 1:20:52]} Be6
{[%clk 1:26:16]} 11. Nd2 {[%clk 1:18:06]} Qd7 {[%clk 1:24:39]} 12. Bxe6
{[%clk 1:15:30]} Qxe6 {[%clk 1:16:23]} 13. Nc4 {[%clk 1:15:14]} h6
{[%clk 1:16:12]} 14. Be3 {[%clk 1:14:50]} g5 {[%clk 1:13:29]} 15. Bxa7
{[%clk 1:13:47]} Rxa7 {[%clk 1:11:46]} 16. Nf3 {[%clk 1:14:13]} Ng6
{[%clk 1:11:51]} 17. Nh2 {[%clk 1:13:25]} Nf4 {[%clk 1:11:57]} 18. Qd1
{[%clk 1:08:42]} Nxe4 {[%clk 1:11:14]} 19. dxe4 {[%clk 1:06:51]} Qxc4
{[%clk 1:08:17]} 20. Qf3 {[%clk 1:07:03]} Qxc3 {[%clk 1:08:10]} 21. Qg4
{[%clk 1:05:27]} b6 {[%clk 0:42:15]} 22. h4 {[%clk 1:03:46]} f6 {[%clk 0:39:36]}
23. g3 {[%clk 1:03:21]} Ng6 {[%clk 0:39:22]} 24. Qe6+ {[%clk 1:02:31]} Kg7
{[%clk 0:39:20]} 25. h5 {[%clk 1:01:45]} Nh8 {[%clk 0:37:50]} 26. a3
{[%clk 1:01:57]} Qd3 {[%clk 0:37:24]} 27. Qf5 {[%clk 1:00:09]} d5
{[%clk 0:29:00]} 28. Qd7+ {[%clk 0:59:37]} Rf7 {[%clk 0:27:56]} 29. Qxd5
{[%clk 1:00:04]} Qxd5 {[%clk 0:28:20]} 30. exd5 {[%clk 1:00:31]} Rd7
{[%clk 0:28:06]} 31. Rfd1 {[%clk 1:00:39]} a5 {[%clk 0:25:54]} 32. Rab1
{[%clk 0:55:40]} axb4 {[%clk 0:22:50]} 33. axb4 {[%clk 0:56:05]} f5
{[%clk 0:17:37]} 34. Nf3 {[%clk 0:55:40]} Nf7 {[%clk 0:17:57]} 35. Ne1
{[%clk 0:51:22]} Ra2 {[%clk 0:15:29]} 36. Ng2 {[%clk 0:51:09]} f4
{[%clk 0:15:50]} 37. g4 {[%clk 0:48:56]} e4 {[%clk 0:15:20]} 38. Rd4
{[%clk 0:48:45]} Nd6 {[%clk 0:15:33]} 39. Ne1 {[%clk 0:48:48]} Nb5
{[%clk 0:14:41]} 40. Rc4 {[%clk 0:47:27]} Na3 {[%clk 0:15:07]} 41. Rbc1
{[%clk 0:47:36]} Nxc4 {[%clk 0:15:31]} 42. Rxc4 {[%clk 0:47:57]} Re7
{[%clk 0:14:10]} 43. Kf1 {[%clk 0:47:55]} e3 {[%clk 0:14:23]} 44. fxe3
{[%clk 0:48:21]} fxe3 {[%clk 0:14:48]} 0-1

[Event "XXVII Miedzynarodowy Festiwal Szachowy im. Jozefa Dominika"]
[Site "Dobczyce"]
[Date "2019.07.09"]
[Round "7.8"]
[White "Seredyn, Dominik"]
[Black "Mirowska, Oliwia"]
[Result "1/2-1/2"]
[BlackElo "1735"]
[WhiteElo "1737"]
[LiveChessVersion "1.4.8"]

1. e4 {[%clk 1:30:49]} d6 {[%clk 1:30:26]} 2. d4 {[%clk 1:30:32]} e5
{[%clk 1:30:42]} 3. Nf3 {[%clk 1:30:32]} Nd7 {[%clk 1:30:49]} 4. Nc3
{[%clk 1:30:46]} Be7 {[%clk 1:30:48]} 5. Bc4 {[%clk 1:30:59]} Ngf6
{[%clk 1:31:00]} 6. O-O {[%clk 1:31:19]} O-O {[%clk 1:31:23]} 7. h3
{[%clk 1:31:00]} c6 {[%clk 1:31:42]} 8. a4 {[%clk 1:31:23]} b6 {[%clk 1:31:59]}
9. Bg5 {[%clk 1:31:14]} a6 {[%clk 1:31:57]} 10. Qe2 {[%clk 1:23:47]} h6
{[%clk 1:30:27]} 11. Bxf6 {[%clk 1:23:30]} Bxf6 {[%clk 1:30:47]} 12. dxe5
{[%clk 1:23:51]} Nxe5 {[%clk 1:29:14]} 13. Nxe5 {[%clk 1:24:10]} dxe5
{[%clk 1:29:35]} 14. Rfd1 {[%clk 1:20:49]} Qe7 {[%clk 1:29:29]} 15. Qe3
{[%clk 1:17:43]} Qb4 {[%clk 1:27:29]} 16. Bb3 {[%clk 1:14:19]} Bg5
{[%clk 1:27:20]} 17. Qf3 {[%clk 1:11:47]} Qe7 {[%clk 1:26:33]} 18. Rd3
{[%clk 1:09:45]} Be6 {[%clk 1:25:56]} 19. Bxe6 Qxe6 {[%clk 1:25:42]} 20. Rad1
{[%clk 1:08:00]} Rad8 {[%clk 1:24:27]} 21. Rxd8 {[%clk 1:08:19]} Rxd8
{[%clk 1:24:49]} 22. Rxd8+ {[%clk 1:08:45]} Bxd8 {[%clk 1:25:10]} 23. Qd3
{[%clk 1:09:11]} Qc8 {[%clk 1:24:52]} 24. Nd1 {[%clk 1:05:16]} Be7
{[%clk 1:22:23]} 25. Ne3 {[%clk 1:05:17]} b5 {[%clk 1:18:33]} 26. Nf5
{[%clk 1:00:07]} Qd8 {[%clk 1:15:17]} 27. Qg3 Bf6 28. Nxh6+ Kf8 1/2-1/2

[Event "XXVII Miedzynarodowy Festiwal Szachowy im. Jozefa Dominika"]
[Site "Dobczyce"]
[Date "2019.07.09"]
[Round "7.9"]
[White "Klementys, Jerzy"]
[Black "Kawula, Andrzej"]
[Result "1/2-1/2"]
[BlackElo "1876"]
[WhiteElo "1656"]
[LiveChessVersion "1.4.8"]

1. d4 {[%clk 1:30:53]} e6 {[%clk 1:30:53]} 2. c4 {[%clk 1:31:19]} d5
{[%clk 1:31:16]} 3. Nc3 {[%clk 1:31:42]} f5 {[%clk 1:31:39]} 4. Nf3
{[%clk 1:31:59]} Nf6 {[%clk 1:32:01]} 5. g3 {[%clk 1:30:44]} c6 {[%clk 1:31:57]}
6. cxd5 {[%clk 1:30:39]} cxd5 {[%clk 1:32:03]} 7. Bg2 {[%clk 1:31:00]} Nc6
{[%clk 1:32:16]} 8. O-O {[%clk 1:31:25]} Bd6 {[%clk 1:30:23]} 9. a3
{[%clk 1:29:30]} O-O {[%clk 1:30:23]} 10. b4 {[%clk 1:29:47]} Ne4
{[%clk 1:30:09]} 11. Bb2 {[%clk 1:29:47]} Bd7 {[%clk 1:26:24]} 12. Rc1
{[%clk 1:29:55]} Rc8 {[%clk 1:24:28]} 13. e3 {[%clk 1:30:04]} Qe7
{[%clk 1:19:37]} 14. Nd2 {[%clk 1:19:55]} g5 {[%clk 1:09:59]} 15. f3
{[%clk 1:19:53]} Nxc3 {[%clk 1:10:08]} 16. Bxc3 {[%clk 1:19:52]} f4
{[%clk 1:06:36]} 17. gxf4 {[%clk 1:18:12]} gxf4 {[%clk 1:06:27]} 18. e4
{[%clk 1:18:16]} Qh4 {[%clk 1:06:17]} 19. e5 {[%clk 1:17:17]} Be7
{[%clk 1:06:33]} 20. Nb3 {[%clk 1:10:15]} b6 {[%clk 1:02:20]} 21. Be1
{[%clk 1:09:39]} Qh5 {[%clk 1:02:08]} 22. b5 {[%clk 1:09:56]} Na5
{[%clk 0:39:47]} 23. Nxa5 {[%clk 1:09:56]} bxa5 {[%clk 0:39:47]} 24. a4
{[%clk 1:09:56]} Rxc1 {[%clk 0:36:47]} 25. Qxc1 {[%clk 1:06:55]} Rc8
{[%clk 0:37:04]} 26. Qxf4 {[%clk 1:05:33]} Rc4 {[%clk 0:31:25]} 27. Bxa5
{[%clk 0:49:52]} Rxa4 {[%clk 0:29:25]} 28. Bd2 {[%clk 0:44:50]} Bxb5
{[%clk 0:28:04]} 29. Rc1 {[%clk 0:44:40]} Rc4 {[%clk 0:24:36]} 30. Rxc4
{[%clk 0:39:38]} Bxc4 {[%clk 0:24:48]} 31. Qg4+ {[%clk 0:38:54]} Qxg4
{[%clk 0:24:21]} 32. fxg4 {[%clk 0:39:23]} Bd8 {[%clk 0:24:43]} 33. Bf1
{[%clk 0:38:51]} Bb6 {[%clk 0:23:06]} 34. Bc3 {[%clk 0:38:38]} Bb3
{[%clk 0:22:48]} 35. Ba6 {[%clk 0:38:48]} Kf7 {[%clk 0:21:59]} 36. Kf2
{[%clk 0:36:16]} Bd1 {[%clk 0:18:24]} 37. Kg3 {[%clk 0:35:47]} Bc2
{[%clk 0:17:22]} 38. Kf4 {[%clk 0:34:25]} h6 {[%clk 0:17:17]} 39. h4
{[%clk 0:33:45]} Bd8 {[%clk 0:17:00]} 40. Kg3 {[%clk 0:32:50]} Bb6
{[%clk 0:15:40]} 41. Kf4 {[%clk 0:33:08]} Bd1 {[%clk 0:14:12]} 42. Kg3
{[%clk 0:33:20]} Bc2 {[%clk 0:12:11]} 1/2-1/2

[Event "XXVII Miedzynarodowy Festiwal Szachowy im. Jozefa Dominika"]
[Site "Dobczyce"]
[Date "2019.07.10"]
[Round "8.1"]
[White "Gbyl, Andrzej"]
[Black "Slabek, Grzegorz"]
[Result "0-1"]
[BlackElo "1953"]
[WhiteElo "2234"]
[LiveChessVersion "1.4.8"]

1. d4 {[%clk 1:30:45]} Nf6 {[%clk 1:30:56]} 2. c4 {[%clk 1:30:44]} b6
{[%clk 1:31:15]} 3. Nc3 {[%clk 1:30:32]} Bb7 {[%clk 1:31:31]} 4. Nf3
{[%clk 1:29:43]} e6 {[%clk 1:30:00]} 5. a3 {[%clk 1:29:56]} d5 {[%clk 1:27:10]}
6. Bg5 {[%clk 1:22:56]} Be7 {[%clk 1:25:35]} 7. Bxf6 {[%clk 1:19:39]} Bxf6
{[%clk 1:25:32]} 8. cxd5 {[%clk 1:20:01]} exd5 {[%clk 1:23:57]} 9. e3
{[%clk 1:20:14]} O-O {[%clk 1:24:20]} 10. Bd3 {[%clk 1:20:40]} Ba6
{[%clk 1:23:04]} 11. Bxa6 {[%clk 1:20:20]} Nxa6 {[%clk 1:23:32]} 12. Qa4
{[%clk 1:20:09]} Nb8 {[%clk 1:23:59]} 13. O-O {[%clk 1:20:23]} c6
{[%clk 1:24:14]} 14. Rac1 {[%clk 1:20:35]} b5 {[%clk 1:24:26]} 15. Qc2
{[%clk 1:20:47]} Nd7 {[%clk 1:24:38]} 16. e4 {[%clk 1:19:57]} Nb6
{[%clk 1:21:54]} 17. exd5 {[%clk 1:19:40]} Nxd5 {[%clk 1:22:10]} 18. Nxd5
{[%clk 1:17:12]} cxd5 {[%clk 1:22:27]} 19. Qb3 {[%clk 1:08:58]} a6
{[%clk 1:10:36]} 20. Rc5 {[%clk 1:08:47]} Rc8 {[%clk 1:10:40]} 21. Rfc1
{[%clk 1:05:14]} Qd7 {[%clk 1:10:41]} 22. g3 {[%clk 0:58:10]} Rxc5
{[%clk 1:10:18]} 23. Rxc5 {[%clk 0:58:28]} Rd8 {[%clk 1:10:40]} 24. Kg2
{[%clk 0:58:29]} g5 {[%clk 1:09:31]} 25. Qd3 {[%clk 0:56:56]} Re8
{[%clk 1:08:34]} 26. h3 {[%clk 0:51:56]} h5 {[%clk 1:07:50]} 27. Nd2
{[%clk 0:50:00]} Re1 {[%clk 1:05:07]} 28. Qf3 {[%clk 0:49:03]} Qe6
{[%clk 1:03:55]} 29. Qxh5 {[%clk 0:41:08]} Qf5 {[%clk 0:55:02]} 30. Rc7
{[%clk 0:37:46]} Bxd4 {[%clk 0:54:41]} 31. f4 {[%clk 0:14:17]} Kg7
{[%clk 0:42:07]} 32. h4 {[%clk 0:12:22]} Rg1+ {[%clk 0:42:21]} 33. Kh2
{[%clk 0:12:46]} Rxg3 {[%clk 0:42:42]} 34. hxg5 {[%clk 0:10:33]} Rd3
{[%clk 0:40:26]} 35. Nf3 {[%clk 0:01:55]} Qxf4+ {[%clk 0:40:36]} 36. Kg2
{[%clk 0:02:22]} Qxc7 {[%clk 0:40:48]} 37. Qh6+ {[%clk 0:02:47]} Kg8
{[%clk 0:41:05]} 38. g6 {[%clk 0:03:13]} fxg6 {[%clk 0:40:47]} 0-1